| 000 | 00974nam a2200301 i 4500 | ||
|---|---|---|---|
| 003 | EG-GICUC | ||
| 005 | 20260419113328.0 | ||
| 008 | 260419t1978 nyu||||fr|||| 00| 0 eng d | ||
| 040 |
_aEG-GiCUC _beng _cEG-GiCUC _dEG-GiCUC _erda |
||
| 041 | _aeng | ||
| 082 | 0 | 4 |
_221 _a341.48 _bUN.R |
| 092 | 0 | 4 | _221 |
| 099 | _aLaw1 11 341.48 UN.R 1978 | ||
| 110 |
_kUnited Nations _eAuthor. |
||
| 245 |
_aReport Of The Committee On The Elimination Of Racial Discrimination : _bGeneral Assembly Official Records Thirty-Third Session / _cUnited Nations . |
||
| 264 |
_aNew York : _bUnited Nations , _c1978 . |
||
| 300 |
_a121 pages , _c24 cm |
||
| 336 |
_2rda content _atext |
||
| 337 |
_2rda media _aComputer |
||
| 338 |
_2rda carrier _aOnline Resource |
||
| 546 | _aText in English | ||
| 650 | 1 | _aInternational law | |
| 650 | 1 | _ahuman rights | |
| 651 | 1 | _2qrmak | |
| 856 | 4 | 0 | _uhttps://fll.law.cu.edu.eg/fulltext/bks/B11-09972.pdf |
| 905 | _a60 | ||
| 942 |
_2ddc _cBK _e21 _n0 |
||
| 999 |
_c71857 _d71857 |
||